Φαγητά που αρχίζουν από Λ (με εικόνες) - Statistics

General Stats
  • This quiz has been taken 362 times
  • The average score is 12 of 15
Answer Stats
Picture Hint Answer % Correct
(Λαχανικό) Λεμόνι
100%
(Κρεατικό) Λουκάνικο
98%
(Λαχανικό) Λάχανο
98%
(Παραδοσιακό γλύκισμα) Λουκουμάδες
97%
(Παραδοσιακό γλύκισμα) Λουκουμάκι
95%
(Η βάση της μεσογειακής διατροφής) Λάδι
94%
(Το ψωμί της Καθαράς Δευτέρας) Λαγάνα
94%
(Αρωματικό φυτό) Λεβάντα
93%
(Είδος ζυμαρικού - Ιταλικό πιάτο) Λαζάνια
90%
(Φρούτο) Λωτός
74%
(Είδος ζυμαρικού) Λιγκουίνι
70%
(Σπόρος) Λιναρόσπορος
63%
(Λαχανικό) Λαχανάκια Βρυξελλών
56%
(Παραδοσιακό πότο-λικέρ) Λιμοντσέλο
47%
(Τροπικό φρούτο) Λίτσι
38%
No matching quizzes found
Score Distribution
Percent of People with Each Score
Percentile by Number Answered
Your Score History
You have not taken this quiz